Normal view
MARC view
- Pereverzyev, Sergei
Entry Personal Name
001 - CONTROL NUMBER
- control field: 127898
003 - CONTROL NUMBER IDENTIFIER
- control field: NUST
005 - DATE AND TIME OF LATEST TRANSACTION
- control field: 20250218142557.0
008 - FIXED-LENGTH DATA ELEMENTS
- fixed length control field: 250218|| aca||aabn | a|a d
040 ## - CATALOGING SOURCE
- Original cataloging agency: NUST
- Transcribing agency: NUST
100 ## - HEADING--PERSONAL NAME
- Personal name: Pereverzyev, Sergei
670 ## - SOURCE DATA FOUND
- Source citation: Work cat.: (NUST): Pereverzyev, Sergei, An Introduction to Artificial Intelligence Based on Reproducing Kernel Hilbert Spaces /, 2022.
